Contested approaches in the study of poverty: the canadian case and the argument for inclusion /
שמור ב:
| מחבר ראשי: | |
|---|---|
| מחברים אחרים: | |
| פורמט: | Texto |
| תגים: |
הוספת תג
אין תגיות, היה/י הראשונ/ה לתייג את הרשומה!
|
MARC
| LEADER | 00000 a a2200000 04500 | ||
|---|---|---|---|
| 001 | 48677 | ||
| 003 | |||
| 040 | |||
| 100 | |a Schecter, Stephen | ||
| 245 | |a Contested approaches in the study of poverty: the canadian case and the argument for inclusion / |c Stephen Schecter, Bernard Paquet | ||
| 700 | |a Paquet, Bernard | ||
| 773 | |g volumen47, número 3, (1999), páginas 43-61 | ||
| 999 | |c 21320 |d 21320 | ||
